Bank and insurance capital management / (Record no. 81359)
[ view plain ]
| 000 -LEADER | |
|---|---|
| fixed length control field | 00872nam a2200289 a 4500 |
| 001 - CONTROL NUMBER | |
| control field | 81359 |
| 003 - CONTROL NUMBER IDENTIFIER | |
| rucl marc code | BD-RjUL |
| 005 - DATE AND TIME OF LATEST TRANSACTION | |
| control field | 20230511145139.0 |
| 008 - FIXED-LENGTH DATA ELEMENTS--GENERAL INFORMATION | |
| fixed length control field | 230509s2011 njua 000 0 eng|d |
| 020 ## - INTERNATIONAL STANDARD BOOK NUMBER | |
| International Standard Book Number | 9780470664773 (hbk.) |
| International Standard Book Number | 0470664770 (hbk.) : |
| 035 ## - SYSTEM CONTROL NUMBER | |
| System control number | (BD-RjUL)81359 |
| 040 ## - CATALOGING SOURCE | |
| Original cataloging agency | StDuBDS |
| Language of cataloging | eng |
| Transcribing agency | StDuBDS |
| Modifying agency | Uk |
| -- | BD-RjUL |
| 041 ## - LANGUAGE CODE | |
| Language code of text/sound track or separate title | eng |
| 082 04 - DEWEY DECIMAL CLASSIFICATION NUMBER | |
| Edition number | 22 |
| Classification number | 332.10681 |
| Author mark and year | WEB 2011 |
| 100 1# - MAIN ENTRY--PERSONAL NAME | |
| Personal name | Weert, Frans de |
| 9 (RLIN) | 7366 |
| 245 10 - TITLE STATEMENT | |
| Title | Bank and insurance capital management / |
| Statement of responsibility, etc. | Frans de Weert |
| 260 ## - PUBLICATION, DISTRIBUTION, ETC. (IMPRINT) | |
| Place of publication, distribution, etc. | Hoboken, N.J. : |
| Name of publisher, distributor, etc. | Wiley ; |
| Place of publication, distribution, etc. | Chichester : |
| Name of publisher, distributor, etc. | John Wiley [distributor], |
| Date of publication, distribution, etc. | 2011. |
| 300 ## - PHYSICAL DESCRIPTION | |
| Pagination | xiii, 246 p. : |
| Illustrations | ill. ; |
| Size | 24 cm. |
| 490 0# - SERIES STATEMENT | |
| Series statement | Wiley finance series |
| 500 ## - GENERAL NOTE | |
| General note | Formerly CIP. |
| 650 #0 - SUBJECT ADDED ENTRY--TOPICAL TERM | |
| Topical term or geographic name as entry element | Capital market. |
| Topical term or geographic name as entry element | Bank capital. |
| 9 (RLIN) | 7367 |
| Topical term or geographic name as entry element | Financial reinsurance. |
| 9 (RLIN) | 7368 |
| 942 ## - ADDED ENTRY ELEMENTS (KOHA) | |
| Source of classification or shelving scheme | Dewey Decimal Classification |
| Koha item type | Books |
| Lost status | Source of classification or shelving scheme | Damaged status | Not for loan | Collection code | Permanent Location | Current Location | Shelving location | Date acquired | Source of acquisition | Cost, normal purchase price | Full call number | Date last seen | Copy number | Koha item type | Total Checkouts | Date checked out |
|---|---|---|---|---|---|---|---|---|---|---|---|---|---|---|---|---|
| Dewey Decimal Classification | Not For Loan | Non-fiction | Central Library, University of Rajshahi | Central Library, University of Rajshahi | Reading Room | 08/05/2023 | Dhaka : Book Finder | 8508.87 | 332.10681 WEB 2011 | 09/05/2023 | C-1 | Books | ||||
| Dewey Decimal Classification | Non-fiction | Central Library, University of Rajshahi | Central Library, University of Rajshahi | General Stacks | 08/05/2023 | Dhaka : Book Finder | 8508.87 | 332.10681 WEB 2011 | 09/05/2023 | C-2 | Books | |||||
| Dewey Decimal Classification | Non-fiction | Central Library, University of Rajshahi | Central Library, University of Rajshahi | General Stacks | 08/05/2023 | Dhaka : Book Finder | 8508.87 | 332.10681 WEB 2011 | 10/09/2023 | C-3 | Books | 2 | 27/08/2023 | |||
| Dewey Decimal Classification | Non-fiction | Central Library, University of Rajshahi | Central Library, University of Rajshahi | General Stacks | 15/10/2023 | Dhaka : BM Book | 9320.00 | 332.10681 WEB 2011 | 18/10/2023 | C-4 | Books | |||||
| Dewey Decimal Classification | Non-fiction | Central Library, University of Rajshahi | Central Library, University of Rajshahi | General Stacks | 15/10/2023 | Dhaka : BM Book | 9320.00 | 332.10681 WEB 2011 | 18/10/2023 | C-5 | Books | |||||
| Dewey Decimal Classification | Non-fiction | Central Library, University of Rajshahi | Central Library, University of Rajshahi | General Stacks | 15/10/2023 | Dhaka : BM Book | 9320.00 | 332.10681 WEB 2011 | 18/10/2023 | C-6 | Books |